000 00260nam a22001217a 4500
008 170817b xxu||||| |||| 00| 0 eng d
041 _aeng
080 _22ND
_a51
100 _a36
101 _aMAT
245 _aAPPLIED CALCULUS
_cTAYLOR,C.D
942 _2udc
_cBK
999 _c23809
_d23809